| LEADER | 00382cam a2200133 7i4500 | ||
|---|---|---|---|
| 001 | 0000014393 | ||
| 005 | 20040901090000.0 | ||
| 090 | 0 | 0 | |a T 382.7 |b JOR (JORD) |
| 245 | 0 | 4 | |a The Jordanian customs tariff 2004. |
| 260 | 0 | 0 | |a [Amman]: |b Jordan Customs Department, |c 2004. |
| 300 | # | # | |a 251 p. |
| 650 | 0 | 0 | |a Tariff -- |z Jordan |
| 651 | 0 | 0 | |a Jordan |
| 999 | |a 0000016287 |b Book |c Tariffs |e Business Information Centre | ||